Score 0/260 Timer 01:00
14 Plays Today
space Letter % Correct
BeginnerA
99.8%
BeginnerB
99.1%
BeginnerC
98.8%
BeginnerD
98.4%
BeginnerE
98.2%
BeginnerF
98%
BeginnerG
97.7%
BeginnerH
97.5%
BeginnerI
97.3%
BeginnerJ
97%
BeginnerK
96.8%
BeginnerL
96.7%
BeginnerM
96.5%
BeginnerN
96.3%
BeginnerO
96%
BeginnerP
95.9%
BeginnerQ
95.6%
BeginnerR
95.4%
BeginnerS
95.2%
BeginnerT
95.1%
BeginnerU
94.9%
BeginnerV
94.8%
BeginnerW
94.5%
BeginnerX
94.3%
BeginnerY
94.1%
BeginnerZ
94%
BeginnerA
92.4%
BeginnerB
91.7%
BeginnerC
91.4%
BeginnerD
91%
BeginnerE
90.8%
BeginnerF
90.6%
BeginnerG
90.4%
BeginnerH
90.2%
BeginnerI
90%
BeginnerJ
89.7%
BeginnerK
89.6%
BeginnerL
89.4%
BeginnerM
89.3%
BeginnerN
89.1%
BeginnerO
88.9%
BeginnerP
88.7%
BeginnerQ
88.4%
BeginnerR
88.2%
BeginnerS
88%
BeginnerT
87.9%
BeginnerU
87.7%
BeginnerV
87.5%
BeginnerW
87.2%
BeginnerX
87%
BeginnerY
86.7%
BeginnerZ
86.6%
IntermediateA
86.2%
IntermediateB
85.9%
IntermediateC
85.7%
IntermediateD
85.4%
IntermediateE
85.2%
IntermediateF
85%
IntermediateG
84.8%
IntermediateH
84.6%
IntermediateI
84.4%
IntermediateJ
84.1%
IntermediateK
84%
IntermediateL
83.8%
IntermediateM
83.6%
IntermediateN
83.4%
IntermediateO
83.2%
IntermediateP
83%
IntermediateQ
82.7%
IntermediateR
82.4%
IntermediateS
82.2%
IntermediateT
82%
IntermediateU
81.8%
IntermediateV
81.6%
IntermediateW
81.1%
IntermediateX
80.8%
IntermediateY
80.5%
IntermediateZ
80.2%
IntermediateA
79.5%
IntermediateB
79.2%
IntermediateC
78.9%
IntermediateD
78.5%
IntermediateE
78.2%
IntermediateF
78%
IntermediateG
77.6%
IntermediateH
77.3%
IntermediateI
77%
space Letter % Correct
IntermediateJ
76.6%
IntermediateK
76.3%
IntermediateL
76.1%
IntermediateM
75.7%
IntermediateN
75.4%
IntermediateO
75%
IntermediateP
74.7%
IntermediateQ
74.1%
IntermediateR
73.7%
IntermediateS
73.3%
IntermediateT
72.9%
IntermediateU
72.6%
IntermediateV
72.1%
IntermediateW
71.4%
IntermediateX
70.8%
IntermediateY
70.3%
IntermediateZ
69.8%
ProfessionalA
69.2%
ProfessionalB
68.7%
ProfessionalC
68.2%
ProfessionalD
67.6%
ProfessionalE
67.2%
ProfessionalF
66.8%
ProfessionalG
66.2%
ProfessionalH
65.8%
ProfessionalI
65.3%
ProfessionalJ
64.7%
ProfessionalK
64.2%
ProfessionalL
63.9%
ProfessionalM
63.4%
ProfessionalN
63%
ProfessionalO
62.5%
ProfessionalP
62.1%
ProfessionalQ
61.2%
ProfessionalR
60.7%
ProfessionalS
60.1%
ProfessionalT
59.7%
ProfessionalU
59.2%
ProfessionalV
58.6%
ProfessionalW
57.7%
ProfessionalX
56.8%
ProfessionalY
56.2%
ProfessionalZ
55.6%
ProfessionalA
54.6%
ProfessionalB
54.1%
ProfessionalC
53.5%
ProfessionalD
52.7%
ProfessionalE
52.3%
ProfessionalF
51.7%
ProfessionalG
51%
ProfessionalH
50.5%
ProfessionalI
49.9%
ProfessionalJ
49.2%
ProfessionalK
48.7%
ProfessionalL
48.2%
ProfessionalM
47.7%
ProfessionalN
47.2%
ProfessionalO
46.6%
ProfessionalP
46.1%
ProfessionalQ
45.2%
ProfessionalR
44.6%
ProfessionalS
43.9%
ProfessionalT
43.4%
ProfessionalU
42.9%
ProfessionalV
42.3%
ProfessionalW
41.3%
ProfessionalX
40.4%
ProfessionalY
39.8%
ProfessionalZ
39.2%
INSANE!!A
38.4%
INSANE!!B
37.8%
INSANE!!C
37.2%
INSANE!!D
36.5%
INSANE!!E
36.1%
INSANE!!F
35.5%
INSANE!!G
34.9%
INSANE!!H
34.4%
INSANE!!I
33.8%
INSANE!!J
33.2%
INSANE!!K
32.7%
INSANE!!L
32.3%
INSANE!!M
31.8%
INSANE!!N
31.3%
INSANE!!O
30.8%
INSANE!!P
30.4%
INSANE!!Q
29.7%
INSANE!!R
29.2%
space Letter % Correct
INSANE!!S
28.6%
INSANE!!T
28.2%
INSANE!!U
27.7%
INSANE!!V
27.3%
INSANE!!W
26.5%
INSANE!!X
25.8%
INSANE!!Y
25.3%
INSANE!!Z
24.8%
INSANE!!A
24.1%
INSANE!!B
23.7%
INSANE!!C
23.3%
INSANE!!D
22.8%
INSANE!!E
22.4%
INSANE!!F
22%
INSANE!!G
21.5%
INSANE!!H
21.1%
INSANE!!I
20.7%
INSANE!!J
20.2%
INSANE!!K
19.8%
INSANE!!L
19.3%
INSANE!!M
18.8%
INSANE!!N
18.3%
INSANE!!O
17.9%
INSANE!!P
17.5%
INSANE!!Q
16.9%
INSANE!!R
16.5%
INSANE!!S
14.8%
INSANE!!T
14.5%
INSANE!!U
14.2%
INSANE!!V
14%
INSANE!!W
13.5%
INSANE!!X
13.1%
INSANE!!Y
12.8%
INSANE!!Z
12.6%
Super-Human!!!A
12.3%
Super-Human!!!B
12%
Super-Human!!!C
11.8%
Super-Human!!!D
11.5%
Super-Human!!!E
11.3%
Super-Human!!!F
11%
Super-Human!!!G
10.7%
Super-Human!!!H
10.5%
Super-Human!!!I
10.3%
Super-Human!!!J
10%
Super-Human!!!K
9.8%
Super-Human!!!L
9.6%
Super-Human!!!M
9.4%
Super-Human!!!N
9.2%
Super-Human!!!O
9%
Super-Human!!!P
8.8%
Super-Human!!!Q
8.5%
Super-Human!!!R
8.3%
Super-Human!!!S
8.1%
Super-Human!!!T
7.9%
Super-Human!!!U
7.7%
Super-Human!!!V
7.5%
Super-Human!!!W
7.3%
Super-Human!!!X
7%
Super-Human!!!Y
6.8%
Super-Human!!!Z
6.6%
Super-Human!!!A
6.4%
Super-Human!!!B
6.2%
Super-Human!!!C
6.1%
Super-Human!!!D
5.9%
Super-Human!!!E
5.7%
Super-Human!!!F
5.6%
Super-Human!!!G
5.4%
Super-Human!!!H
5.3%
Super-Human!!!I
5.1%
Super-Human!!!J
5%
Super-Human!!!K
4.8%
Super-Human!!!L
4.7%
Super-Human!!!M
4.6%
Super-Human!!!N
4.5%
Super-Human!!!O
4.3%
Super-Human!!!P
4.2%
Super-Human!!!Q
4.1%
Super-Human!!!R
3.9%
Super-Human!!!S
3.8%
Super-Human!!!T
3.7%
Super-Human!!!U
3.6%
Super-Human!!!V
3.5%
Super-Human!!!W
3.3%
Super-Human!!!X
3.2%
Super-Human!!!Y
3.1%
Super-Human!!!Z
3.1%
Remove Ads.
Support Sporcle.
Get the best of Sporcle when you Go Orange. This ad-free experience offers more features, more stats, and more fun while also helping to support Sporcle. Thank you for becoming a member.

You're not logged in!

Compare scores with friends on all Sporcle quizzes.
OR
Log In

Show Comments

Extras

Top Quizzes Today


Score Distribution

Your Account Isn't Verified!

In order to create a playlist on Sporcle, you need to verify the email address you used during registration. Go to your Sporcle Settings to finish the process.

Report this User

Report this user for behavior that violates our Community Guidelines.

Details: